| 000 | 00759cam a22002653a 4500 | ||
|---|---|---|---|
| 001 | 17102 | ||
| 003 | PGUSA | ||
| 005 | 20140828083350.0 | ||
| 008 | 051119s2005||||xxu|||||s|||||000 p eng d | ||
| 040 |
_aPGUSA _beng |
||
| 042 | _adc | ||
| 050 | 4 | _aPZ | |
| 100 | 1 |
_aGoldsmith, Oliver, _d-1774 |
|
| 245 | 1 | 3 |
_aAn Elegy on the Death of a Mad Dog _h[electronic resource] / _cOliver Goldsmith |
| 260 |
_bProject Gutenberg, _c2005 |
||
| 506 | _aPublic domain in the USA. | ||
| 516 | _aElectronic text | ||
| 653 | _aHumorous poetry | ||
| 653 | _aPicture books for children | ||
| 653 | _aNursery rhymes | ||
| 700 | 1 |
_aCaldecott, Randolph, _d1846-1886 |
|
| 830 | 0 |
_aProject Gutenberg _v17102 |
|
| 856 | 4 | 0 | _uhttp://www.gutenberg.org/ebooks/17102 |
| 942 | _cEB | ||
| 999 |
_c246357 _d246357 |
||